000 01115cab a2200349 4500
001 ABS51631
008 090401t1994 xxu||||| |||| 00| 0 eng d
035 _a(Sirsi) u36150
041 _aeng
100 _aRussell, P.
245 _aTime will tell?
260 _c1994
350 _a0
490 _aIRRV Journal
_vOctober 1994, 238(1)
520 _aArgues that the duration of absence from an address should be considered in determining whether it is a sole or main residence, for the purpose of assessing council tax, rather than relying on proving an `intention to return`.
650 _aANDERTON V BRADFORD MBC
650 _aCODNER V WILTSHIRE
650 _aCOUNCIL TAX
650 _aCOX V SW VT
650 _aDERBY CC AND DERBYSHIRE VCCT V HAWORTH
650 _aINTENTION TO RETURN
650 _aMAIN RESIDENCE
650 _aMATRIMONIAL HOME
650 _aPERIODIC RETURNS
650 _aREASONABLENESS
650 _aSELF CONTAINED UNITS
650 _aSOLE RESIDENCE
650 _aWARD V KINGSTON UPON HULL
690 _aRATING AND VALUATION
942 _n0
948 _c04/03/1997
999 _c23579
_d23579